[Event "3rd Memorial Warakomska 2019"]
[Site "Suwalki"]
[Date "2019.08.10"]
[Round "7.7"]
[White "Iturrizaga Bonelli, Eduardo"]
[Black "Matviishen, Viktor"]
[Result "1-0"]
[WhiteElo "2625"]
[BlackElo "2495"]
[Annotator "TA"]
[PlyCount "61"]
[EventDate "2019.08.05"]
[EventType "swiss"]
[EventCountry "POL"]
[SourceTitle "playchess.com"]
[Source "ChessBase"]
[SourceQuality "1"]

{[%evp 21,88,67,75,65,97,96,112,86,170,67,128,0,0,0,294,216,281,236,236,237,230,86,697,667,704,712,777,783,752,719,576,578,557,541,833,808,942,947,1116,1098,1156,821,886,816,868,859,841,806,1093,1062,10972,12793,29942,5287,2235,2175,29975,29978,6095,6036,6203,6187,5265,5169,1840,2269,2066,1901,1497]} 1. c4 c5 2. Nf3 Nf6 3. Nc3 d5 4. cxd5 Nxd5 5. e3 e6 6. Bc4 Nb6 7. Bb3 Be7 8. O-O O-O 9. d4 N8d7 10. Qe2 cxd4 11. exd4 Nf6 12. Rd1 {D26: Queen's Gambit Accepted: 4 e3 e6 5 Bxc5 c5 sidelines} h6 $146 ({Predecessor:} 12... Nbd5 13. Ne5 Qd6 14. Rd3 Bd7 15. Rh3 Rfd8 16. Bc2 g6 17. Bg5 Be8 18. Rd1 Rac8 19. Bb3 a5 20. Bxd5 Nxd5 21. Ne4 Qc7 22. Qf3 f5 23. Bxe7 Qxe7 24. Nc5 {0-1 (24) Suba,M (2531)-Bareev,E (2647) Leon 2008}) 13. Ne5 Nbd5 14. Rd3 {White is better.} Nh7 (14... Bd6 $16 {was called for.}) 15. Bxh6 (15. Rg3 $18 {Strongly threatening Bxh6.} Bh4 16. Rf3) 15... gxh6 $14 16. Nxd5 (16. Qh5 $1 $16 Bf6 17. Rg3+ Bg7 18. Bc2) 16... exd5 $11 17. Rg3+ Ng5 $2 {[%mdl 8192]} (17... Kh8 $1 $11 {and Black stays safe.}) 18. h4 {[%mdl 64] Pin} Bf5 19. hxg5 hxg5 20. Qh5 {aiming for Rf3.} Kg7 {[#]} 21. Re1 (21. Rh3 $1 $18 {and the rest is easy. White threatens Qh6+ and mate.} Bxh3 22. Bc2 (22. Qxh3 Qd6 $17) (22. gxh3 Qe8 $15)) 21... Rc8 $2 {[%mdl 8192] [#]} (21... Bf6 $16) 22. Nxf7 $1 $18 {[%mdl 512]} Rxf7 {[#]} 23. Rxe7 $1 {[%mdl 576] Remove Defender} Qxe7 24. Rxg5+ Qxg5 25. Qxg5+ Bg6 26. Bxd5 Rf5 27. Qe7+ {[%mdl 64] Double Attack} Kh6 28. Qe3+ Kg7 29. Be6 Re8 30. d5 Rf6 31. g4 {Played: Qe3-d4} 1-0

[Event "3rd Memorial Warakomska 2019"]
[Site "Suwalki"]
[Date "2019.08.10"]
[Round "7.8"]
[White "Goluch, Piotr"]
[Black "Jakubowski, Krzysztof"]
[Result "1/2-1/2"]
[WhiteElo "2386"]
[BlackElo "2528"]
[Annotator "ChessBase"]
[PlyCount "75"]
[EventDate "2019.08.05"]
[EventType "swiss"]
[EventCountry "POL"]
[SourceTitle "playchess.com"]
[Source "ChessBase"]
[SourceQuality "1"]
[TimeControl "40/5400+30:1800+30"]

1. d4 {[%emt 0:00:00]} Nf6 {[%emt 0:00:00]} 2. c4 {[%emt 0:00:00]} e6 {[%emt 0:00:00]} 3. Nf3 {[%emt 0:00:04]} d5 {[%emt 0:00:00]} 4. g3 {[%emt 0:00:13]} Bb4+ {[%emt 0:00:04]} 5. Bd2 {[%emt 0:00:15]} Be7 {[%emt 0:00:07]} 6. Bg2 {[%emt 0:00:04]} O-O {[%emt 0:00:08]} 7. O-O {[%emt 0:00:26]} c6 {[%emt 0:00:07]} 8. Qc2 {[%emt 0:00:10]} Nbd7 {[%emt 0:00:08]} 9. Bf4 {[%emt 0:00:12]} h6 {[%emt 0:00:10]} 10. Rd1 {[%emt 0:08:40]} a5 {[%emt 0:01:28]} 11. Ne5 {[%emt 0:04:01]} Nxe5 {[%emt 0:00:46]} 12. dxe5 {[%emt 0:01:42]} Nd7 {[%emt 0:00:08]} 13. cxd5 {[%emt 0:00:13]} exd5 {[%emt 0:00:22]} 14. e4 {[%emt 0:11:13]} dxe4 {[%emt 0:01:49]} 15. e6 {[%emt 0:11:09]} fxe6 {[%emt 0:00:20]} 16. Qxe4 {[%emt 0:00:57]} Rf6 {[%emt 0:09:15]} 17. Na3 {[%emt 0:16:32]} Bxa3 {[%emt 0:23:53]} 18. bxa3 {[%emt 0:00:05]} Qe8 {[%emt 0:00:07]} 19. Bc7 {[%emt 0:04:01]} Rf8 {[%emt 0:05:54]} 20. Qe1 {[%emt 0:14:53]} Nf6 {[%emt 0:01:36]} 21. Bxa5 {[%emt 0:00:10]} Nd5 {[%emt 0:05:12]} 22. Bb4 {[%emt 0:00:17]} Rf6 {[%emt 0:02:58]} 23. Bc3 {[%emt 0:06:58]} Nxc3 {[%emt 0:06:10]} 24. Qxc3 {[%emt 0:01:13]} Qf8 {[%emt 0:00:31]} 25. Rd3 {[%emt 0:00:15]} e5 {[%emt 0:05:03]} 26. Qb2 {[%emt 0:00:02]} Rd6 {[%emt 0:02:33]} 27. Re3 {[%emt 0:01:44]} Rd8 {[%emt 0:02:14]} 28. Rae1 {[%emt 0:02:17]} Kh8 {[%emt 0:02:34]} 29. Be4 {[%emt 0:07:26]} Ra4 {[%emt 0:10:49]} 30. Qxe5 {[%emt 0:03:12]} Rxa3 {[%emt 0:01:04]} 31. Rxa3 {[%emt 0:00:58]} Qxa3 {[%emt 0:00:05]} 32. Bb1 {[%emt 0:03:11]} Qf8 {[%emt 0:01:54]} 33. Qe4 {[%emt 0:00:27]} Qg8 {[%emt 0:00:05]} 34. Bc2 {[%emt 0:01:25]} Bd7 {[%emt 0:06:52]} 35. Bb3 {[%emt 0:01:24]} Qf8 {[%emt 0:00:39]} 36. Bc2 {[%emt 0:00:15]} Qg8 {[%emt 0:00:05]} 37. Bb3 {[%emt 0:00:03]} Qf8 {[%emt 0:00:03]} 38. Bc2 {[%emt 0:00:03]} 1/2-1/2

[Event "3rd Memorial Warakomska 2019"]
[Site "Suwalki"]
[Date "2019.08.10"]
[Round "7.9"]
[White "Zakhartsov, Viacheslav V."]
[Black "Grib, Roman"]
[Result "1/2-1/2"]
[WhiteElo "2518"]
[BlackElo "2421"]
[Annotator "ChessBase"]
[PlyCount "126"]
[EventDate "2019.08.05"]
[EventType "swiss"]
[EventCountry "POL"]
[SourceTitle "playchess.com"]
[Source "ChessBase"]
[SourceQuality "1"]
[TimeControl "40/5400+30:1800+30"]

1. d4 {[%emt 0:00:00]} Nf6 {[%emt 0:00:00]} 2. c4 {[%emt 0:00:00]} c6 {[%emt 0:00:00]} 3. Nc3 {[%emt 0:00:00]} d5 {[%emt 0:00:00]} 4. Nf3 {[%emt 0:00:20]} g6 {[%emt 0:00:19]} 5. cxd5 {[%emt 0:02:24]} cxd5 {[%emt 0:00:04]} 6. Qb3 {[%emt 0:00:04]} Nc6 {[%emt 0:17:13]} 7. Bg5 {[%emt 0:02:16]} Na5 {[%emt 0:15:30]} 8. Qa4+ {[%emt 0:10:43]} Bd7 {[%emt 0:00:10]} 9. Qd1 {[%emt 0:00:10]} Ne4 {[%emt 0:12:57]} 10. Nxe4 {[%emt 0:01:33]} dxe4 {[%emt 0:00:04]} 11. Nd2 {[%emt 0:00:58]} Qb6 {[%emt 0:11:58]} 12. Nxe4 {[%emt 0:11:10]} Bg7 {[%emt 0:07:05]} 13. e3 {[%emt 0:01:21]} h6 {[%emt 0:13:11]} 14. Bf4 {[%emt 0:05:46]} Qxb2 {[%emt 0:05:58]} 15. Bd3 {[%emt 0:04:13]} O-O {[%emt 0:04:10]} 16. O-O {[%emt 0:05:02]} Bc6 {[%emt 0:02:48]} 17. Nc5 {[%emt 0:07:09]} e5 {[%emt 0:03:25]} 18. dxe5 {[%emt 0:04:51]} Bxe5 {[%emt 0:00:12]} 19. Bxh6 {[%emt 0:12:12]} Bxh2+ {[%emt 0:00:20]} 20. Kxh2 {[%emt 0:00:28]} Qh8 {[%emt 0:00:04]} 21. Qg4 {[%emt 0:03:23]} Qxh6+ {[%emt 0:00:06]} 22. Kg1 {[%emt 0:12:12]} Rad8 {[%emt 0:00:52]} 23. Be2 {[%emt 0:03:15]} Rd5 {[%emt 0:03:07]} 24. Qb4 {[%emt 0:01:41]} Rg5 {[%emt 0:00:13]} 25. f3 {[%emt 0:02:28]} Re5 {[%emt 0:00:20]} 26. Rf2 {[%emt 0:02:56]} Qxe3 {[%emt 0:00:38]} 27. Nd3 {[%emt 0:01:23]} Rd5 {[%emt 0:00:31]} 28. Re1 {[%emt 0:00:23]} Qd4 {[%emt 0:00:38]} 29. Qxd4 {[%emt 0:00:30]} Rxd4 {[%emt 0:00:03]} 30. Ne5 {[%emt 0:00:12]} Re8 {[%emt 0:01:03]} 31. Nxc6 {[%emt 0:00:41]} Nxc6 {[%emt 0:00:06]} 32. Rb1 {[%emt 0:00:06]} Rb4 {[%emt 0:01:32]} 33. Rc1 {[%emt 0:00:08]} Re3 {[%emt 0:00:59]} 34. Bc4 {[%emt 0:01:13]} Ne5 {[%emt 0:00:22]} 35. Bd5 {[%emt 0:00:30]} Nd3 {[%emt 0:00:44]} 36. Rc8+ {[%emt 0:00:08]} Kg7 {[%emt 0:00:04]} 37. Rd2 {[%emt 0:00:51]} Nf4 {[%emt 0:01:10]} 38. Bb3 {[%emt 0:00:49]} Re7 {[%emt 0:00:30]} 39. Kf2 {[%emt 0:00:53]} a5 {[%emt 0:00:24]} 40. Ra8 {[%emt 0:00:00]} b6 {[%emt 0:00:00]} 41. g3 {[%emt 0:02:21]} Ne6 {[%emt 0:11:19]} 42. Re2 {[%emt 0:00:44]} Kf6 {[%emt 0:05:38]} 43. f4 {[%emt 0:00:10]} g5 {[%emt 0:01:15]} 44. fxg5+ {[%emt 0:00:34]} Nxg5 {[%emt 0:00:16]} 45. Rxe7 {[%emt 0:00:49]} Kxe7 {[%emt 0:00:04]} 46. Ke3 {[%emt 0:01:53]} f6 {[%emt 0:03:48]} 47. Bd5 {[%emt 0:03:37]} Rg4 {[%emt 0:03:44]} 48. Kf2 {[%emt 0:00:30]} Rd4 {[%emt 0:00:14]} 49. Bb3 {[%emt 0:00:23]} Rb4 {[%emt 0:00:33]} 50. Ke3 {[%emt 0:02:22]} Ne4 {[%emt 0:04:44]} 51. Rg8 {[%emt 0:01:28]} Nc5 {[%emt 0:00:52]} 52. Bd5 {[%emt 0:00:37]} Kd6 {[%emt 0:01:27]} 53. Rd8+ {[%emt 0:00:42]} Ke5 {[%emt 0:00:57]} 54. Bg8 {[%emt 0:01:30]} f5 {[%emt 0:02:25]} 55. Rd5+ {[%emt 0:02:09]} Kf6 {[%emt 0:00:03]} 56. Rd6+ {[%emt 0:00:10]} Kg7 {[%emt 0:01:12]} 57. Bd5 {[%emt 0:00:19]} Ne4 {[%emt 0:00:24]} 58. Bxe4 {[%emt 0:02:31]} Rxe4+ {[%emt 0:00:06]} 59. Kf3 {[%emt 0:00:08]} Rb4 {[%emt 0:00:10]} 60. a3 {[%emt 0:00:15]} Rb3+ {[%emt 0:00:39]} 61. Kf4 {[%emt 0:00:06]} b5 {[%emt 0:00:55]} 62. Rd5 {[%emt 0:03:04]} Kf6 {[%emt 0:00:52]} 63. Rxf5+ {[%emt 0:01:42]} Kg6 {[%emt 0:00:21]} 1/2-1/2

[Event "3rd Memorial Warakomska 2019"]
[Site "Suwalki"]
[Date "2019.08.10"]
[Round "7.10"]
[White "Kaczmarek, Aleksander"]
[Black "Stupak, Kirill"]
[Result "0-1"]
[WhiteElo "2389"]
[BlackElo "2560"]
[Annotator "ChessBase"]
[PlyCount "100"]
[EventDate "2019.08.05"]
[EventType "swiss"]
[EventCountry "POL"]
[SourceTitle "playchess.com"]
[Source "ChessBase"]
[SourceQuality "1"]
[TimeControl "40/5400+30:1800+30"]

1. e4 {[%emt 0:00:00]} e6 {[%emt 0:02:12]} 2. b3 {[%emt 0:00:22]} c5 {[%emt 0:01:44]} 3. Bb2 {[%emt 0:00:08]} b6 {[%emt 0:01:25]} 4. Nf3 {[%emt 0:13:15]} Bb7 {[%emt 0:00:10]} 5. Nc3 {[%emt 0:00:26]} d6 {[%emt 0:05:48]} 6. d4 {[%emt 0:00:22]} cxd4 {[%emt 0:00:07]} 7. Nxd4 {[%emt 0:00:04]} Nf6 {[%emt 0:03:09]} 8. Bd3 {[%emt 0:02:31]} Nbd7 {[%emt 0:00:50]} 9. O-O {[%emt 0:03:35]} a6 {[%emt 0:00:36]} 10. Qe2 {[%emt 0:02:10]} g6 {[%emt 0:29:49]} 11. Bc4 {[%emt 0:21:22]} e5 {[%emt 0:11:24]} 12. Nf3 {[%emt 0:00:47]} b5 {[%emt 0:00:47]} 13. Bd3 {[%emt 0:05:16]} Bg7 {[%emt 0:06:16]} 14. b4 {[%emt 0:00:36]} O-O {[%emt 0:03:05]} 15. a4 {[%emt 0:00:06]} bxa4 {[%emt 0:07:19]} 16. Rxa4 {[%emt 0:00:37]} d5 {[%emt 0:01:49]} 17. Ra5 {[%emt 0:08:45]} Qb6 {[%emt 0:05:23]} 18. Ba3 {[%emt 0:01:27]} Qc7 {[%emt 0:07:00]} 19. Nxd5 {[%emt 0:11:08]} Bxd5 {[%emt 0:00:27]} 20. exd5 {[%emt 0:00:07]} e4 {[%emt 0:00:01]} 21. Bxe4 {[%emt 0:00:05]} Rfe8 {[%emt 0:01:11]} 22. d6 {[%emt 0:00:19]} Qc8 {[%emt 0:04:25]} 23. Ng5 {[%emt 0:07:23]} Nxe4 {[%emt 0:00:04]} 24. Nxe4 {[%emt 0:00:09]} f5 {[%emt 0:00:01]} 25. f3 {[%emt 0:01:32]} fxe4 {[%emt 0:00:01]} 26. fxe4 {[%emt 0:00:05]} Qc6 {[%emt 0:00:01]} 27. Qf3 {[%emt 0:03:16]} Qc4 {[%emt 0:02:58]} 28. Qd3 {[%emt 0:04:54]} Rxe4 {[%emt 0:01:47]} 29. b5 {[%emt 0:06:50]} Bc3 {[%emt 0:03:07]} 30. Rxa6 {[%emt 0:02:10]} Rxa6 {[%emt 0:00:01]} 31. Qxc4+ {[%emt 0:00:15]} Rxc4 {[%emt 0:00:24]} 32. bxa6 {[%emt 0:00:03]} Ra4 {[%emt 0:00:28]} 33. Bc1 {[%emt 0:04:32]} Bd4+ {[%emt 0:00:04]} 34. Kh1 {[%emt 0:00:03]} Be5 {[%emt 0:00:08]} 35. g3 {[%emt 0:01:12]} Rxa6 {[%emt 0:00:15]} 36. Bf4 {[%emt 0:01:13]} Bxf4 {[%emt 0:00:22]} 37. gxf4 {[%emt 0:00:04]} Rxd6 {[%emt 0:00:07]} 38. f5 {[%emt 0:00:02]} Rd2 {[%emt 0:00:39]} 39. fxg6 {[%emt 0:00:26]} hxg6 {[%emt 0:00:01]} 40. c4 {[%emt 0:00:00]} Rc2 {[%emt 0:00:00]} 41. Rg1 {[%emt 0:01:00]} Kg7 {[%emt 0:00:29]} 42. Rd1 {[%emt 0:01:54]} Ne5 {[%emt 0:00:13]} 43. Rf1 {[%emt 0:00:17]} Nxc4 {[%emt 0:00:59]} 44. Kg1 {[%emt 0:00:15]} Ne5 {[%emt 0:00:14]} 45. Rf4 {[%emt 0:00:33]} Kh6 {[%emt 0:00:12]} 46. Rh4+ {[%emt 0:02:18]} Kg5 {[%emt 0:00:21]} 47. Rh8 {[%emt 0:00:24]} Nf3+ {[%emt 0:00:19]} 48. Kh1 {[%emt 0:00:05]} Kf4 {[%emt 0:00:14]} 49. Rh6 {[%emt 0:00:47]} Ke3 {[%emt 0:00:19]} 50. Rxg6 {[%emt 0:00:17]} Rxh2# {[%emt 0:00:08]} 0-1

[Event "3rd Memorial Warakomska 2019"]
[Site "Suwalki"]
[Date "2019.08.10"]
[Round "7.11"]
[White "Karavade, Eesha"]
[Black "Czarnota, Pawel"]
[Result "0-1"]
[WhiteElo "2355"]
[BlackElo "2534"]
[Annotator "ChessBase"]
[PlyCount "28"]
[EventDate "2019.08.05"]
[EventType "swiss"]
[EventCountry "POL"]
[SourceTitle "playchess.com"]
[Source "ChessBase"]
[SourceQuality "1"]
[TimeControl "40/5400+30:1800+30"]

1. e4 {[%emt 0:00:00]} c5 {[%emt 0:01:20]} 2. Nf3 {[%emt 0:00:00]} e6 {[%emt 0:01:01]} 3. b3 {[%emt 0:01:46]} d6 {[%emt 0:04:02]} 4. Bb5+ {[%emt 0:02:49]} Nd7 {[%emt 0:02:07]} 5. Bb2 {[%emt 0:02:40]} Ngf6 {[%emt 0:02:01]} 6. e5 {[%emt 0:03:20]} dxe5 {[%emt 0:03:20]} 7. Nxe5 {[%emt 0:03:06]} Be7 {[%emt 0:02:31]} 8. Nxd7 {[%emt 0:06:04]} Bxd7 {[%emt 0:01:08]} 9. Qe2 {[%emt 0:00:41]} O-O {[%emt 0:01:59]} 10. Bxd7 {[%emt 0:01:02]} Qxd7 {[%emt 0:02:52]} 11. Nc3 {[%emt 0:01:14]} Rfd8 {[%emt 0:03:19]} 12. Rd1 {[%emt 0:00:23]} Nd5 {[%emt 0:20:43]} 13. Nxd5 {[%emt 0:00:57]} exd5 {[%emt 0:05:04]} 14. a4 {[%emt 0:00:43]} Re8 {[%emt 0:01:10]} 0-1

[Event "3rd Memorial Warakomska 2019"]
[Site "Suwalki"]
[Date "2019.08.10"]
[Round "7.12"]
[White "Shyam, Sundar M."]
[Black "Kowalski, Igor"]
[Result "1-0"]
[WhiteElo "2520"]
[BlackElo "2320"]
[Annotator "ChessBase"]
[PlyCount "87"]
[EventDate "2019.08.05"]
[EventType "swiss"]
[EventCountry "POL"]
[SourceTitle "playchess.com"]
[Source "ChessBase"]
[SourceQuality "1"]
[TimeControl "40/5400+30:1800+30"]

1. e4 {[%emt 0:00:38]} c5 {[%emt 0:00:00]} 2. Nf3 {[%emt 0:00:21]} Nc6 {[%emt 0:00:00]} 3. Nc3 {[%emt 0:00:05]} e5 {[%emt 0:00:00]} 4. Bc4 {[%emt 0:00:03]} d6 {[%emt 0:00:00]} 5. d3 {[%emt 0:00:07]} Be7 {[%emt 0:00:57]} 6. Nd2 {[%emt 0:00:43]} Nf6 {[%emt 0:00:07]} 7. Nf1 {[%emt 0:00:02]} Nd7 {[%emt 0:00:25]} 8. a3 {[%emt 0:00:31]} Nb6 {[%emt 0:00:48]} 9. Ba2 {[%emt 0:00:05]} O-O {[%emt 0:02:01]} 10. Ne3 {[%emt 0:00:08]} Kh8 {[%emt 0:03:56]} 11. O-O {[%emt 0:01:44]} Nd4 {[%emt 0:00:46]} 12. Ncd5 {[%emt 0:00:44]} Nxd5 {[%emt 0:01:14]} 13. Bxd5 {[%emt 0:00:46]} Bg5 {[%emt 0:05:12]} 14. c3 {[%emt 0:00:14]} Ne6 {[%emt 0:00:30]} 15. b4 {[%emt 0:05:35]} cxb4 {[%emt 0:05:54]} 16. axb4 {[%emt 0:00:05]} Nc7 {[%emt 0:00:09]} 17. Bb3 {[%emt 0:01:45]} Be6 {[%emt 0:00:38]} 18. c4 {[%emt 0:14:44]} a6 {[%emt 0:07:26]} 19. Bd2 {[%emt 0:02:46]} Rc8 {[%emt 0:13:48]} 20. Re1 {[%emt 0:05:48]} f5 {[%emt 0:07:21]} 21. exf5 {[%emt 0:15:05]} Bxf5 {[%emt 0:01:11]} 22. Nxf5 {[%emt 0:00:59]} Bxd2 {[%emt 0:02:30]} 23. Qxd2 {[%emt 0:00:15]} Rxf5 {[%emt 0:00:05]} 24. d4 {[%emt 0:00:33]} Ne6 {[%emt 0:09:30]} 25. dxe5 {[%emt 0:00:32]} Nf4 {[%emt 0:00:05]} 26. Kh1 {[%emt 0:10:25]} dxe5 {[%emt 0:03:29]} 27. Rad1 {[%emt 0:26:06]} Qf6 {[%emt 0:04:58]} 28. c5 {[%emt 0:02:56]} Rf8 {[%emt 0:03:00]} 29. f3 {[%emt 0:00:42]} h5 {[%emt 0:03:57]} 30. Bc2 {[%emt 0:03:40]} Rg5 {[%emt 0:00:22]} 31. g3 {[%emt 0:00:03]} Ne6 {[%emt 0:01:09]} 32. Be4 {[%emt 0:00:04]} h4 {[%emt 0:04:50]} 33. gxh4 {[%emt 0:04:10]} Rh5 {[%emt 0:00:05]} 34. Rg1 {[%emt 0:00:04]} Nd4 {[%emt 0:08:04]} 35. Rg3 {[%emt 0:02:27]} Rxh4 {[%emt 0:01:26]} 36. Rdg1 {[%emt 0:00:22]} Rf7 {[%emt 0:00:04]} 37. Rg6 {[%emt 0:01:30]} Qe7 {[%emt 0:02:26]} 38. R1g3 {[%emt 0:00:51]} Rhf4 {[%emt 0:08:24]} 39. Qg2 {[%emt 0:01:02]} Nf5 {[%emt 0:01:06]} 40. Rh3+ {[%emt 0:00:00]} Nh4 {[%emt 0:00:00]} 41. Rg4 {[%emt 0:01:08]} Rxg4 {[%emt 0:03:49]} 42. Qxg4 {[%emt 0:00:47]} g5 {[%emt 0:00:05]} 43. Qh5+ {[%emt 0:00:10]} Kg7 {[%emt 0:00:03]} 44. Qh7+ {[%emt 0:00:05]} 1-0

[Event "3rd Memorial Warakomska 2019"]
[Site "Suwalki"]
[Date "2019.08.10"]
[Round "7.13"]
[White "Warakomski, Tomasz"]
[Black "Molenda, Marcin"]
[Result "1-0"]
[WhiteElo "2497"]
[BlackElo "2387"]
[Annotator "ChessBase"]
[PlyCount "69"]
[EventDate "2019.08.05"]
[EventType "swiss"]
[EventCountry "POL"]
[SourceTitle "playchess.com"]
[Source "ChessBase"]
[SourceQuality "1"]
[TimeControl "40/5400+30:1800+30"]

1. Nf3 {[%emt 0:00:28]} Nf6 {[%emt 0:00:00]} 2. g3 {[%emt 0:00:06]} g6 {[%emt 0:01:08]} 3. Bg2 {[%emt 0:00:06]} Bg7 {[%emt 0:00:05]} 4. O-O {[%emt 0:00:05]} O-O {[%emt 0:00:07]} 5. c4 {[%emt 0:03:56]} d5 {[%emt 0:02:29]} 6. d4 {[%emt 0:05:32]} Nc6 {[%emt 0:00:53]} 7. cxd5 {[%emt 0:02:54]} Nxd5 {[%emt 0:00:08]} 8. e4 {[%emt 0:01:15]} Nb6 {[%emt 0:00:08]} 9. d5 {[%emt 0:02:10]} Na5 {[%emt 0:00:07]} 10. Nc3 {[%emt 0:12:23]} c6 {[%emt 0:01:08]} 11. Nd4 {[%emt 0:03:42]} e5 {[%emt 0:07:34]} 12. Nde2 {[%emt 0:03:59]} cxd5 {[%emt 0:01:11]} 13. exd5 {[%emt 0:00:17]} Nac4 {[%emt 0:00:34]} 14. b3 {[%emt 0:06:57]} Nd6 {[%emt 0:00:28]} 15. a4 {[%emt 0:05:23]} Bg4 {[%emt 0:16:48]} 16. f3 {[%emt 0:05:21]} Bd7 {[%emt 0:00:18]} 17. Ba3 {[%emt 0:00:23]} Nbc8 {[%emt 0:00:03]} 18. Ne4 {[%emt 0:03:06]} f5 {[%emt 0:08:50]} 19. Nc5 {[%emt 0:00:07]} Re8 {[%emt 0:06:44]} 20. Rc1 {[%emt 0:00:58]} Kh8 {[%emt 0:02:55]} 21. Kh1 {[%emt 0:01:15]} Rb8 {[%emt 0:02:36]} 22. Qd2 {[%emt 0:06:01]} Nf7 {[%emt 0:05:44]} 23. f4 {[%emt 0:08:54]} e4 {[%emt 0:01:52]} 24. Bb2 {[%emt 0:01:31]} b6 {[%emt 0:00:57]} 25. Bxg7+ {[%emt 0:02:08]} Kxg7 {[%emt 0:00:04]} 26. Qc3+ {[%emt 0:00:13]} Kg8 {[%emt 0:00:19]} 27. Na6 {[%emt 0:00:58]} Rb7 {[%emt 0:00:20]} 28. Nc7 {[%emt 0:02:22]} Re7 {[%emt 0:04:49]} 29. Nd4 {[%emt 0:00:48]} Nfd6 {[%emt 0:00:25]} 30. Nde6 {[%emt 0:04:28]} Bxe6 {[%emt 0:00:29]} 31. Nxe6 {[%emt 0:00:04]} Qe8 {[%emt 0:01:15]} 32. Qe5 {[%emt 0:01:22]} Rf7 {[%emt 0:01:24]} 33. Rc6 {[%emt 0:00:34]} Rbd7 {[%emt 0:02:07]} 34. Rfc1 {[%emt 0:00:08]} h6 {[%emt 0:00:35]} 35. Bf1 {[%emt 0:00:05]} 1-0

[Event "3rd Memorial Warakomska 2019"]
[Site "Suwalki"]
[Date "2019.08.10"]
[Round "7.14"]
[White "Pavlov, Sergey"]
[Black "Lewtak, Damian"]
[Result "1/2-1/2"]
[WhiteElo "2486"]
[BlackElo "2354"]
[Annotator "ChessBase"]
[PlyCount "119"]
[EventDate "2019.08.05"]
[EventType "swiss"]
[EventCountry "POL"]
[SourceTitle "playchess.com"]
[Source "ChessBase"]
[SourceQuality "1"]
[TimeControl "40/5400+30:1800+30"]

1. c4 {[%emt 0:00:00]} e5 {[%emt 0:00:00]} 2. Nc3 {[%emt 0:00:01]} Nf6 {[%emt 0:00:12]} 3. e3 {[%emt 0:00:34]} Bb4 {[%emt 0:01:02]} 4. Nge2 {[%emt 0:00:25]} O-O {[%emt 0:01:11]} 5. a3 {[%emt 0:00:38]} Bxc3 {[%emt 0:01:20]} 6. Nxc3 {[%emt 0:00:09]} d5 {[%emt 0:03:38]} 7. cxd5 {[%emt 0:00:36]} Nxd5 {[%emt 0:00:05]} 8. Qc2 {[%emt 0:00:53]} Nc6 {[%emt 0:03:10]} 9. b4 {[%emt 0:01:43]} a6 {[%emt 0:01:22]} 10. Bb2 {[%emt 0:02:36]} Re8 {[%emt 0:01:10]} 11. Bd3 {[%emt 0:07:19]} h6 {[%emt 0:01:09]} 12. Nxd5 {[%emt 0:04:24]} Qxd5 {[%emt 0:00:18]} 13. Bh7+ {[%emt 0:00:46]} Kh8 {[%emt 0:01:17]} 14. Be4 {[%emt 0:00:31]} Qd6 {[%emt 0:05:51]} 15. O-O {[%emt 0:07:31]} f5 {[%emt 0:02:43]} 16. Bxc6 {[%emt 0:10:42]} bxc6 {[%emt 0:00:38]} 17. Rac1 {[%emt 0:01:14]} Bd7 {[%emt 0:00:42]} 18. f4 {[%emt 0:07:24]} exf4 {[%emt 0:00:24]} 19. Rxf4 {[%emt 0:02:37]} Re7 {[%emt 0:17:18]} 20. Bd4 {[%emt 0:09:59]} Qd5 {[%emt 0:05:00]} 21. Qc5 {[%emt 0:06:00]} Qxc5 {[%emt 0:00:05]} 22. Rxc5 {[%emt 0:00:07]} Rb8 {[%emt 0:03:20]} 23. Ra5 {[%emt 0:12:44]} Bc8 {[%emt 0:00:13]} 24. Rc5 {[%emt 0:08:25]} Bd7 {[%emt 0:04:38]} 25. Be5 {[%emt 0:02:45]} Rb7 {[%emt 0:04:53]} 26. a4 {[%emt 0:02:37]} Kg8 {[%emt 0:01:20]} 27. Ra5 {[%emt 0:00:50]} Ra7 {[%emt 0:14:17]} 28. Rc4 {[%emt 0:02:38]} Kf7 {[%emt 0:01:19]} 29. Bd4 {[%emt 0:00:49]} Ra8 {[%emt 0:00:37]} 30. Rcc5 {[%emt 0:01:30]} Ree8 {[%emt 0:03:58]} 31. Kf2 {[%emt 0:00:31]} Reb8 {[%emt 0:01:52]} 32. Bc3 {[%emt 0:00:38]} g6 {[%emt 0:01:22]} 33. Rc4 {[%emt 0:01:28]} Rb6 {[%emt 0:04:31]} 34. Be5 {[%emt 0:01:29]} Rb7 {[%emt 0:05:04]} 35. h3 {[%emt 0:00:53]} g5 {[%emt 0:00:27]} 36. Bc3 {[%emt 0:02:28]} Rb6 {[%emt 0:02:13]} 37. Bd4 {[%emt 0:00:28]} Rbb8 {[%emt 0:01:54]} 38. Bc3 {[%emt 0:00:57]} Rb6 {[%emt 0:00:15]} 39. Re5 {[%emt 0:01:02]} Re8 {[%emt 0:01:03]} 40. Rxe8 {[%emt 0:00:00]} Bxe8 {[%emt 0:00:00]} 41. Be5 {[%emt 0:08:49]} Rb7 {[%emt 0:05:35]} 42. Rd4 {[%emt 0:00:38]} h5 {[%emt 0:03:19]} 43. h4 {[%emt 0:03:45]} gxh4 {[%emt 0:00:42]} 44. Rxh4 {[%emt 0:00:11]} Ke6 {[%emt 0:00:34]} 45. Bc3 {[%emt 0:04:18]} Rb8 {[%emt 0:00:48]} 46. e4 {[%emt 0:06:11]} fxe4 {[%emt 0:01:16]} 47. Rxe4+ {[%emt 0:00:02]} Kd6 {[%emt 0:02:43]} 48. Rd4+ {[%emt 0:04:02]} Ke6 {[%emt 0:01:34]} 49. Rf4 {[%emt 0:00:15]} Bd7 {[%emt 0:04:07]} 50. Rf6+ {[%emt 0:01:08]} Ke7 {[%emt 0:00:23]} 51. Rh6 {[%emt 0:00:22]} Rf8+ {[%emt 0:00:35]} 52. Kg3 {[%emt 0:00:32]} Rf5 {[%emt 0:01:46]} 53. Rh7+ {[%emt 0:00:58]} Kd8 {[%emt 0:01:00]} 54. Bd4 {[%emt 0:02:41]} Be8 {[%emt 0:01:56]} 55. Be3 {[%emt 0:01:02]} Kc8 {[%emt 0:12:24]} 56. Bf4 {[%emt 0:01:11]} Bd7 {[%emt 0:00:50]} 57. d4 {[%emt 0:00:41]} a5 {[%emt 0:00:47]} 58. bxa5 {[%emt 0:01:43]} Rxa5 {[%emt 0:00:12]} 59. Be5 {[%emt 0:00:32]} c5 {[%emt 0:00:27]} 60. dxc5 {[%emt 0:00:43]} 1/2-1/2